| 000 | 00835nas a2200277 4500 | ||
|---|---|---|---|
| 001 | BR0203156 | ||
| 003 | BR-BrBNA | ||
| 005 | 20231205103104.0 | ||
| 007 | ta | ||
| 008 | 230509b bl.|||p| |||| 00| 00por d | ||
| 040 |
_aBR-BrBNA _bpor _cBiblioteca Nacional de Agricultura |
||
| 041 | _a(Pt) | ||
| 072 | _aE16 | ||
| 100 | 1 | _aBueno, M. | |
| 245 | 1 | _aNo estado de Mato Grosso, a renúncia fiscal resultou em um aumento surpreendente da arrecadação | |
| 650 | _aALGODÃO | ||
| 650 | _aPLUMA | ||
| 650 | _aESTATÍSTICA DE PRODUÇÃO | ||
| 650 | _aPRODUTIVIDADE | ||
| 650 | _aTECNOLOGIA APROPRIADA | ||
| 650 | _aANÁLISE ECONÔMICA | ||
| 650 | _aMATO GROSSO | ||
| 773 | 0 |
_tAgroanalysis (Brazil) _xISSN 0100-4298 _g(Jul 2001), v. 21(7) p. 9-15 _wBR0203156 |
|
| 909 |
_a202311 _bLúcia _c55 _dLúcia Elande |
||
| 942 |
_2AGRIS _n0 _cANA |
||
| 999 |
_c170999 _d170999 |
||